000 00505nam a2200181Ia 4500
008 090201s9999 xx 000 0 und d
010 _aKPL-65300
040 _bमराठी
041 _aमराठी
082 _a3445
_b65300
100 _aशैलजा राजे
245 _aरिंगण
_cशैलजा राजे
250 _a1
260 _c2003
_bमनोरमा प्रकाशन
300 _a148
_bलहान
600 _aरिंगण
942 _cBOOK
999 _c204563
_d204563